00350nam a2200121Ia 4500008004100000020001500041082001700056100002200073245005800095260004400153300001200197700001900209161229s9999 xx 000 0 und d a0195083083 a658.4 GOL/DY aGoldberg, Beverly aDynamic planning :the art of managing beyond tomorrow bOxford University PressaNew Yorkc1994 axi, 288 aSifons, John G